Online
Catalog

Hacia una semiología de la escritura / (Record no. 2243)

MARC details
000 -CABECERA
campo de control de longitud fija 00537nam a2200169 a 4500
001 - NÚMERO DE CONTROL
campo de control 000002407
005 - FECHA Y HORA DE LA ÚLTIMA TRANSACCIÓN
campo de control 20200929150207.0
008 - DATOS DE LONGITUD FIJA--INFORMACIÓN GENERAL
campo de control de longitud fija 090702s1992 es af 001 0 spa d
020 ## - NÚMERO INTERNACIONAL ESTÁNDAR DEL LIBRO
Número Internacional Estándar del Libro 8486168686
040 ## - FUENTE DE LA CATALOGACIÓN
Centro catalogador/agencia de origen DO-SdBNP
Lengua de catalogación spa
Centro/agencia transcriptor BNPHU
082 ## - NÚMERO DE LA CLASIFICACIÓN DECIMAL DEWEY
Número de clasificación R934h
100 1# - ENTRADA PRINCIPAL--NOMBRE DE PERSONA
Nombre de persona Ruiz, Elisa
9 (RLIN) 7635
245 10 - MENCIÓN DE TÍTULO
Título Hacia una semiología de la escritura /
Mención de responsabilidad, etc. Elisa Ruiz.
260 ## - PUBLICACIÓN, DISTRIBUCIÓN, ETC.
Lugar de publicación, distribución, etc. Madrid :
Nombre del editor, distribuidor, etc. Fundación Germán Sánchez Ruipérez,
Fecha de publicación, distribución, etc. 1992.
300 ## - DESCRIPCIÓN FÍSICA
Extensión 312 p.,[1]h., [16] p. de lam. :
Otras características físicas il. ; lam. ;
Dimensiones 26 cm.
500 ## - NOTA GENERAL
Nota general Incluye notas al pie de páginas
Holdings
Estado de retiro Estado de pérdida Restricciones de uso No para préstamo Código de colección Localización permanente Ubicación/localización actual Ubicación en estantería Fecha de adquisición Número de inventario Total de préstamos Signatura topográfica completa Código de barras Fecha visto por última vez Precio válido a partir de Tipo de ítem Koha
    Préstamo interno   Monografías: Libros y Folletos General General En catalogación 02.07.2009 LF1   1992 2407-10 25.06.2020 25.06.2020 Préstamo interno

Powered by Koha